00401 a2200133 450000500170000002000160001708200120003310000210004524500910006626000480015730000340020594200130023999900150025220250619052655.0 a998703093-9 a384 MWA aMWAKAJINGA, L.K. aComprehensive Communication Skills for College and University: Principle and Practice. aDar es Salaam,bKarljamer Publishersc2021. axv,198p.; ill.; picturec24cm 2ddccBKS c4333d4333